书目信息 |
| 书名: | The angry American:How vter rage is changing the nation | |
| 作者: | Susan J.Tolchin. | |
| 分册号: | ||
| 分册名: | 出版地: |
|
| 出版社: | Westview Press | |
| 出版时间: | 1996. | |
| 页数: | 170 p. ; | |
| 开本: | 26cm. | |
| 丛书名: | ||
| 中图分类号: | ||
| 科图分类号: | ||
| 其他分类号: | D771.224 | |
| 主题词: | ||
| 电子资源: | ||
| 000 | 00484nam 2200157 a 4500 | |
| 001 | E0140678006 | |
| 005 | 2001121911314856 | |
| 008 | 011219s1996 00010 eng | |
| 020 | @a0-8133-3029-7. :@cRMB 12.00. | |
| 040 | @aPFT@beng | |
| 090 | @aD771.224 | |
| 099 | @dD771.224@eT647 | |
| 245 | @aThe angry American:How vter rage is changing the nation / @cSusan J.Tolchin. | |
| 260 | @bWestview Press,@c1996. | |
| 300 | @a170 p. ;@c26cm. | |
| 500 | @aIncludes bibliographical references and index | |
| The angry American:How vter rage is changing the nation / / Susan J.Tolchin.-Westview Press, , 1996. |
| 170 p. ; ; 26cm. |
| Includes bibliographical references and index |
| ISBN 0-8133-3029-7. :RMB 12.00. |
| ● |
| 相关链接 |
|
|
|
正题名:The angry American:How vter rage is chan
索取号:D771.224/T647
 
预约/预借
| 序号 | 登录号 | 条形码 | 馆藏地/架位号 | 状态 | 备注 |
| 1 | 02317 | 300023178 | 社科库509/509社科库 53排2列3层/ [索取号:D771.224/T647] | 在馆 | |
| 2 | 0883 | 300008836 | 社科库509/509社科库 53排2列3层/ [索取号:D771.224/T647] | 在馆 |